000 00847nam a2200241 a 4500
001 000044892
005 20240412074304.0
008 150115s2014 dr 000 p spa d
020 _a9789945492491
040 _aDO-SdBNP
_bspa
_cBNPHU
082 _aRD861.5
_bV145c
100 1 _aValdez-Osaku, Jimmy
_d1975-
_972904
245 1 0 _aCadáveres para el tiempo :
_bdos de poética "sur mon cou" /
_cJimmy Valdez-Osaku.
260 _aSanto Domingo :
_bEdiciones del Comisionado,
_c2014.
300 _a70 p. ;
_c23 cm.
490 1 _aEdiciones del Comisionado
500 _aIncluye datos biográficos del autor en la solapa de la cubierta.
590 _aInventariado, 2019/MFF
650 0 _aPoesía dominicana
_966
650 0 _aLiteratura dominicana.
_967
830 0 _aEdiciones del Comisionado
_972905
910 _aValidado. Control de calidad MFF
999 _c44381
_d44381